Operación Ceibo. Ejercicio Combinado de operaciones de mantenimiento de la paz entre Uruguay y Argentina /
Uloženo v:
| Korporace: | , |
|---|---|
| Médium: | Text |
| Vydáno: |
Fray Bentos:
ONU. UNIDIR
|
| Tagy: |
Přidat tag
Žádné tagy, Buďte první, kdo vytvoří štítek k tomuto záznamu!
|
MARC
| LEADER | 00000 a a2200000 04500 | ||
|---|---|---|---|
| 001 | 23367 | ||
| 003 | |||
| 040 | |||
| 020 | |a 92-9045-123-8 | ||
| 090 | |a 162500 | ||
| 110 | |a ONU | ||
| 245 | |a Operación Ceibo. Ejercicio Combinado de operaciones de mantenimiento de la paz entre Uruguay y Argentina / |c ONU | ||
| 260 | |a Fray Bentos: |b ONU. UNIDIR | ||
| 300 | |a 60 p. | ||
| 710 | |a UNIDIR | ||
| 999 | |c 13319 |d 13319 | ||



